00298pab a2200121 454500008004000000100001900040245003600059260000900095300001100104362001400115650002900129773001800158180718b1983 xxu||||| |||| 00| 0 eng d aSen, Gopi Nath aLife and culture of the Santals c1983 a214-22 aJuly-Aug. aTribes and Tribal System aModern Review